[Event "V4 OPEN - International Championship of Slovakia 2
[Site "Banska Stiavnica"]
[Date "2013.07.11"]
[Round "6"]
[Board "11"]
[White "Cernousek, Lukas"]
[Black "Nayhebaver, Martin"]
[Result "1-0"]
[WhiteElo "2454"]
[BlackElo "2228"]
[PlyCount "0"]
[EventDate "2013.07.06"]
[EventRounds "9"]
[EventCountry "SVK"]

1. d4 {[%clk 1:30:57]} Nf6 {[%clk 1:30:52]} 2. c4 {[%clk 1:31:20]} g6
{[%clk 1:31:05]} 3. g3 {[%clk 1:31:44]} Bg7 {[%clk 1:31:24]} 4. Bg2
{[%clk 1:32:05]} O-O {[%clk 1:31:26]} 5. Nc3 {[%clk 1:32:30]} d6 {[%clk 1:31:41]}
6. Nf3 {[%clk 1:32:54]} Nc6 {[%clk 1:31:37]} 7. O-O {[%clk 1:33:17]} a6
{[%clk 1:31:40]} 8. Re1 {[%clk 1:33:40]} Bd7 {[%clk 1:29:34]} 9. e4
{[%clk 1:31:34]} e5 {[%clk 1:24:03]} 10. d5 {[%clk 1:32:00]} Ne7 {[%clk 1:20:38]}
11. c5 {[%clk 1:32:15]} Ne8 {[%clk 1:18:12]} 12. cxd6 {[%clk 1:18:56]} Nxd6
{[%clk 1:17:21]} 13. b3 {[%clk 1:14:55]} Re8 {[%clk 1:02:20]} 14. a4
{[%clk 1:11:13]} b5 {[%clk 0:53:08]} 15. Ba3 {[%clk 1:04:47]} Rb8
{[%clk 0:46:11]} 16. axb5 {[%clk 0:59:18]} Nxb5 {[%clk 0:40:31]} 17. Nxb5
{[%clk 0:49:14]} Bxb5 {[%clk 0:38:47]} 18. Nd2 {[%clk 0:46:26]} c6
{[%clk 0:31:53]} 19. Nc4 {[%clk 0:31:33]} cxd5 {[%clk 0:29:55]} 20. Nd6
{[%clk 0:31:50]} Rf8 {[%clk 0:19:37]} 21. exd5 {[%clk 0:32:04]} Qd7
{[%clk 0:18:44]} 22. Rc1 {[%clk 0:24:37]} Rfd8 {[%clk 0:18:12]} 23. Nxb5
{[%clk 0:17:46]} axb5 {[%clk 0:18:32]} 24. d6 {[%clk 0:18:01]} b4
{[%clk 0:17:52]} 25. Bb2 {[%clk 0:12:03]} Qe6 {[%clk 0:14:02]} 26. Qe2
{[%clk 0:11:54]} Rxd6 {[%clk 0:14:24]} 27. Bxe5 {[%clk 0:12:09]} Bxe5
{[%clk 0:14:40]} 28. Qxe5 {[%clk 0:12:36]} Qxe5 {[%clk 0:14:41]} 29. Rxe5
{[%clk 0:13:05]} Nf5 {[%clk 0:15:05]} 30. Rd5 {[%clk 0:06:44]} Rxd5
{[%clk 0:14:30]} 31. Bxd5 {[%clk 0:07:10]} Rd8 {[%clk 0:14:41]} 32. Rc5
{[%clk 0:07:11]} Nd6 {[%clk 0:14:13]} 33. Rc7 {[%clk 0:06:18]} Kf8
{[%clk 0:13:36]} 34. h4 {[%clk 0:05:02]} Ke8 {[%clk 0:11:02]} 35. Bc6+
{[%clk 0:05:09]} Kf8 {[%clk 0:11:28]} 36. Bd5 {[%clk 0:05:32]} Ke8
{[%clk 0:11:53]} 37. Kg2 {[%clk 0:05:49]} Rb8 {[%clk 0:06:55]} 38. Bc6+
{[%clk 0:02:22]} Kf8 {[%clk 0:07:17]} 39. Bd5 {[%clk 0:02:42]} Rb5
{[%clk 0:07:03]} 40. Bf3 {[%clk 0:02:40]} Nf5 {[%clk 0:04:35]} 41. Rd7
{[%clk 0:17:35]} Rb6 {[%clk 0:17:02]} 42. Bd5 {[%clk 0:16:44]} Nd6
{[%clk 0:14:48]} 43. Kf3 {[%clk 0:16:48]} Ke8 {[%clk 0:14:40]} 44. Ra7
{[%clk 0:15:01]} h6 {[%clk 0:07:56]} 45. Ke2 Rb8 {[%clk 0:07:16]} 46. Kd3
{[%clk 0:12:26]} Rd8 {[%clk 0:05:27]} 47. Bc6+ {[%clk 0:09:28]} Kf8
{[%clk 0:05:52]} 48. Rd7 {[%clk 0:09:53]} Rxd7 {[%clk 0:05:55]} 49. Bxd7
{[%clk 0:10:21]} Ke7 {[%clk 0:06:05]} 50. Bc6 {[%clk 0:10:23]} g5
{[%clk 0:06:12]} 51. hxg5 {[%clk 0:06:41]} hxg5 {[%clk 0:06:41]} 52. Kd4
{[%clk 0:07:04]} Ke6 {[%clk 0:05:28]} 53. Kc5 {[%clk 0:03:34]} Ke5
{[%clk 0:05:29]} 54. Kxb4 {[%clk 0:02:08]} Kd4 {[%clk 0:05:54]} 55. Ka5
{[%clk 0:02:00]} Kc3 {[%clk 0:05:04]} 56. Bd5 {[%clk 0:02:14]} Kd4
{[%clk 0:04:53]} 57. Bc6 {[%clk 0:01:43]} Kc3 {[%clk 0:05:18]} 58. Ka4
{[%clk 0:01:46]} f5 {[%clk 0:04:48]} 59. f3 {[%clk 0:00:51]} g4 {[%clk 0:04:28]}
60. fxg4 {[%clk 0:01:06]} fxg4 {[%clk 0:04:55]} 61. b4 {[%clk 0:00:49]} Kd4
{[%clk 0:02:46]} 62. Ka5 {[%clk 0:00:59]} Kc4 {[%clk 0:02:32]} 63. Bd7
{[%clk 0:01:02]} Nb7+ {[%clk 0:02:54]} 64. Ka4 {[%clk 0:00:57]} Nd6
{[%clk 0:03:00]} 65. Bxg4 {[%clk 0:01:06]} Ne4 {[%clk 0:02:28]} 66. Be6+
{[%clk 0:01:13]} Kd4 {[%clk 0:02:36]} 67. g4 {[%clk 0:01:34]} Ke5
{[%clk 0:02:20]} 68. Bf5 {[%clk 0:01:57]} 1-0

[Event "V4 OPEN - International Championship of Slovakia 2
[Site "Banska Stiavnica"]
[Date "2013.07.11"]
[Round "6"]
[Board "12"]
[White "Gunajew, Rafal"]
[Black "Manik, Mikulas"]
[Result "1-0"]
[WhiteElo "2294"]
[BlackElo "2412"]
[PlyCount "0"]
[EventDate "2013.07.06"]
[EventRounds "9"]
[EventCountry "SVK"]

1. e4 {[%clk 1:30:58]} c5 {[%clk 1:30:54]} 2. c3 {[%clk 1:31:15]} Nf6
{[%clk 1:30:57]} 3. e5 {[%clk 1:31:33]} Nd5 {[%clk 1:31:21]} 4. Nf3
{[%clk 1:30:03]} g6 {[%clk 1:29:40]} 5. Bc4 {[%clk 1:29:32]} Nb6 {[%clk 1:29:42]}
6. Bb3 {[%clk 1:25:49]} c4 {[%clk 1:25:13]} 7. Bc2 {[%clk 1:26:04]} d6
{[%clk 1:23:39]} 8. Qe2 {[%clk 1:24:17]} Nc6 {[%clk 1:21:24]} 9. exd6
{[%clk 1:17:43]} Qxd6 {[%clk 1:21:24]} 10. Na3 {[%clk 1:18:02]} Qc5
{[%clk 1:14:36]} 11. b4 {[%clk 1:14:47]} cxb3 {[%clk 1:13:22]} 12. axb3
{[%clk 1:15:03]} Bg7 {[%clk 1:12:53]} 13. O-O {[%clk 1:07:35]} O-O
{[%clk 1:10:50]} 14. Bb2 {[%clk 1:04:37]} Bg4 {[%clk 1:07:50]} 15. h3
{[%clk 1:02:59]} Bxf3 {[%clk 1:07:54]} 16. Qxf3 {[%clk 1:03:18]} e5
{[%clk 1:02:34]} 17. b4 {[%clk 0:54:47]} Qd6 {[%clk 1:01:27]} 18. b5
{[%clk 0:51:29]} Nd8 {[%clk 0:54:01]} 19. Rfd1 {[%clk 0:50:04]} f5
{[%clk 0:51:32]} 20. d3 {[%clk 0:47:36]} Qe6 {[%clk 0:46:15]} 21. Nc4
{[%clk 0:40:40]} Nxc4 {[%clk 0:43:21]} 22. Bb3 {[%clk 0:40:54]} e4
{[%clk 0:43:07]} 23. Qe2 {[%clk 0:41:05]} Kh8 {[%clk 0:35:53]} 24. Bxc4
{[%clk 0:41:18]} Qb6 {[%clk 0:36:12]} 25. dxe4 {[%clk 0:29:07]} fxe4
{[%clk 0:36:31]} 26. Bd5 {[%clk 0:28:58]} Ne6 {[%clk 0:32:21]} 27. c4
{[%clk 0:21:31]} Nc5 {[%clk 0:26:19]} 28. Bxg7+ {[%clk 0:18:27]} Kxg7
{[%clk 0:26:43]} 29. Qe3 {[%clk 0:17:56]} Rae8 {[%clk 0:21:20]} 30. Ra2
{[%clk 0:17:14]} Rf6 {[%clk 0:19:49]} 31. Re2 {[%clk 0:12:56]} a6
{[%clk 0:16:15]} 32. bxa6 {[%clk 0:11:00]} bxa6 {[%clk 0:16:30]} 33. Qd4
{[%clk 0:11:16]} Rd8 {[%clk 0:09:05]} 34. Rb2 {[%clk 0:10:55]} Qd6
{[%clk 0:08:51]} 35. Rdb1 {[%clk 0:11:04]} Qc7 {[%clk 0:05:52]} 36. Rb6
{[%clk 0:08:04]} Rdd6 {[%clk 0:06:14]} 37. Rb8 {[%clk 0:07:16]} Ne6
{[%clk 0:06:04]} 38. Qe5 {[%clk 0:06:32]} Rb6 {[%clk 0:02:43]} 39. Qxc7+
{[%clk 0:06:50]} 1-0

[Event "V4 OPEN - International Championship of Slovakia 2
[Site "Banska Stiavnica"]
[Date "2013.07.11"]
[Round "6"]
[Board "13"]
[White "Vojtek, Vladimir"]
[Black "Talla, Vladimir"]
[Result "1/2-1/2"]
[WhiteElo "2278"]
[BlackElo "2394"]
[PlyCount "0"]
[EventDate "2013.07.06"]
[EventRounds "9"]
[EventCountry "SVK"]

1. e4 {[%clk 1:30:52]} c5 {[%clk 1:28:43]} 2. Nf3 {[%clk 1:31:13]} d6
{[%clk 1:29:09]} 3. d4 {[%clk 1:31:39]} Nf6 {[%clk 1:29:05]} 4. Nc3
{[%clk 1:31:45]} cxd4 {[%clk 1:29:18]} 5. Nxd4 {[%clk 1:31:58]} a6
{[%clk 1:29:44]} 6. h3 {[%clk 1:32:02]} e6 {[%clk 1:29:02]} 7. g4
{[%clk 1:32:16]} Nfd7 {[%clk 1:24:15]} 8. Be3 {[%clk 1:30:28]} b5
{[%clk 1:24:35]} 9. Bg2 {[%clk 1:27:14]} Bb7 {[%clk 1:24:17]} 10. Qd2
{[%clk 1:22:24]} Be7 {[%clk 1:15:56]} 11. a4 {[%clk 1:18:03]} bxa4
{[%clk 1:11:08]} 12. Nxa4 {[%clk 1:14:46]} O-O {[%clk 1:05:58]} 13. O-O
{[%clk 1:15:01]} Nc6 {[%clk 1:01:36]} 14. b3 {[%clk 0:56:54]} Nxd4
{[%clk 1:00:04]} 15. Bxd4 {[%clk 0:57:02]} Qc7 {[%clk 1:00:21]} 16. Rfd1
{[%clk 0:48:54]} Bc6 {[%clk 0:40:23]} 17. Nb2 {[%clk 0:24:35]} f5
{[%clk 0:35:12]} 18. exf5 {[%clk 0:14:14]} Bxg2 {[%clk 0:35:29]} 19. Kxg2
{[%clk 0:14:37]} exf5 {[%clk 0:35:39]} 20. Qc3 {[%clk 0:12:44]} Qb7+
{[%clk 0:30:45]} 21. Qf3 {[%clk 0:12:29]} Qxf3+ {[%clk 0:29:35]} 22. Kxf3
{[%clk 0:12:58]} Ne5+ {[%clk 0:28:10]} 23. Kg3 {[%clk 0:06:09]} fxg4
{[%clk 0:27:09]} 24. Bxe5 {[%clk 0:05:47]} dxe5 {[%clk 0:27:17]} 25. hxg4
{[%clk 0:05:48]} e4 {[%clk 0:26:30]} 26. Ra5 {[%clk 0:03:54]} Rf3+
{[%clk 0:25:33]} 27. Kg2 {[%clk 0:04:13]} Raf8 {[%clk 0:25:30]} 28. Rf5
{[%clk 0:02:56]} R8xf5 {[%clk 0:21:37]} 29. gxf5 {[%clk 0:03:25]} Bc5
{[%clk 0:11:44]} 30. Rd2 {[%clk 0:03:31]} Kf7 {[%clk 0:09:37]} 31. Nd1
{[%clk 0:03:07]} Kf6 {[%clk 0:09:17]} 32. Rd7 {[%clk 0:02:04]} Rxf5
{[%clk 0:09:15]} 33. Rc7 {[%clk 0:02:06]} Bd4 {[%clk 0:02:35]} 1/2-1/2

[Event "V4 OPEN - International Championship of Slovakia 2
[Site "Banska Stiavnica"]
[Date "2013.07.11"]
[Round "6"]
[Board "14"]
[White "Macak, Stefan"]
[Black "Horvath, Julia"]
[Result "0-1"]
[WhiteElo "2374"]
[BlackElo "2183"]
[PlyCount "0"]
[EventDate "2013.07.06"]
[EventRounds "9"]
[EventCountry "SVK"]

1. g3 {[%clk 1:30:54]} e5 {[%clk 1:30:32]} 2. Bg2 {[%clk 1:25:46]} Nf6
{[%clk 1:29:33]} 3. d3 {[%clk 1:24:59]} d5 {[%clk 1:28:50]} 4. Nd2
{[%clk 1:25:02]} Be7 {[%clk 1:25:16]} 5. e4 {[%clk 1:24:00]} dxe4
{[%clk 1:25:18]} 6. dxe4 {[%clk 1:24:15]} O-O {[%clk 1:25:17]} 7. Ngf3
{[%clk 1:24:16]} Bg4 {[%clk 1:24:05]} 8. h3 {[%clk 1:22:55]} Bxf3
{[%clk 1:24:26]} 9. Qxf3 {[%clk 1:23:04]} c6 {[%clk 1:24:35]} 10. O-O
{[%clk 1:23:07]} Qc7 {[%clk 1:25:00]} 11. b3 {[%clk 1:17:52]} Nbd7
{[%clk 1:23:22]} 12. Bb2 {[%clk 1:17:10]} Rfe8 {[%clk 1:23:35]} 13. g4
{[%clk 1:08:18]} g6 {[%clk 1:18:49]} 14. Qg3 {[%clk 1:06:11]} Rad8
{[%clk 1:02:01]} 15. a4 {[%clk 1:04:40]} Bf8 {[%clk 0:55:39]} 16. Nc4
{[%clk 1:03:43]} b5 {[%clk 0:54:42]} 17. axb5 {[%clk 1:03:18]} cxb5
{[%clk 0:55:06]} 18. Ne3 {[%clk 1:03:13]} Nc5 {[%clk 0:48:45]} 19. Nd5
{[%clk 1:02:27]} Nxd5 {[%clk 0:49:04]} 20. exd5 {[%clk 1:02:53]} a5
{[%clk 0:49:09]} 21. f4 {[%clk 1:00:47]} Bd6 {[%clk 0:42:57]} 22. fxe5
{[%clk 0:58:42]} Rxe5 {[%clk 0:41:50]} 23. Qf3 {[%clk 0:55:50]} Rxd5
{[%clk 0:24:44]} 24. Qxd5 {[%clk 0:51:50]} Bh2+ {[%clk 0:25:07]} 25. Kh1
{[%clk 0:51:59]} Rxd5 {[%clk 0:25:32]} 26. Bxd5 {[%clk 0:52:24]} Ne6
{[%clk 0:24:49]} 27. Rae1 {[%clk 0:48:17]} Qc5 {[%clk 0:14:12]} 28. c4
{[%clk 0:46:46]} bxc4 {[%clk 0:11:47]} 29. bxc4 {[%clk 0:44:37]} Qb6
{[%clk 0:09:21]} 30. Bc3 {[%clk 0:36:41]} Bc7 {[%clk 0:08:49]} 31. Rf3
{[%clk 0:33:55]} a4 {[%clk 0:06:05]} 32. Ref1 {[%clk 0:29:50]} Qd6
{[%clk 0:05:19]} 33. R1f2 {[%clk 0:29:59]} Qe7 {[%clk 0:02:53]} 34. Re2
{[%clk 0:09:50]} a3 {[%clk 0:02:10]} 35. Bf6 {[%clk 0:07:29]} Qb4
{[%clk 0:02:07]} 36. Rxe6 {[%clk 0:01:22]} Qb1+ {[%clk 0:02:08]} 37. Kg2
{[%clk 0:01:46]} fxe6 {[%clk 0:02:07]} 38. Bxe6+ {[%clk 0:02:12]} Kf8
{[%clk 0:02:28]} 39. Rxa3 {[%clk 0:00:37]} Qe4+ {[%clk 0:02:39]} 40. Rf3
{[%clk 0:00:39]} Qe2+ {[%clk 0:02:01]} 41. Rf2 {[%clk 0:28:44]} Qxe6
{[%clk 0:31:56]} 42. Be5+ {[%clk 0:26:43]} Ke8 {[%clk 0:32:09]} 43. Bxc7
{[%clk 0:26:59]} Qc6+ {[%clk 0:32:34]} 44. Rf3 {[%clk 0:24:59]} Qxc7
{[%clk 0:32:57]} 45. g5 {[%clk 0:24:30]} Qxc4 {[%clk 0:33:09]} 46. Kg3
{[%clk 0:24:54]} Ke7 {[%clk 0:32:46]} 47. h4 {[%clk 0:24:47]} Ke6
{[%clk 0:32:52]} 48. Rf4 {[%clk 0:23:23]} Qc1 {[%clk 0:31:46]} 49. Rf6+
{[%clk 0:23:25]} Ke5 {[%clk 0:31:40]} 50. Rf3 {[%clk 0:21:29]} Qg1+
{[%clk 0:31:35]} 51. Kh3 {[%clk 0:21:44]} Ke4 {[%clk 0:25:43]} 52. Rf7
{[%clk 0:20:26]} Qe3+ {[%clk 0:25:51]} 53. Kg2 {[%clk 0:19:30]} Qe2+
{[%clk 0:25:46]} 54. Kg3 {[%clk 0:19:37]} Qd3+ {[%clk 0:26:06]} 55. Kg2
{[%clk 0:19:14]} Qc2+ {[%clk 0:25:33]} 56. Rf2 {[%clk 0:19:34]} Qd1
{[%clk 0:25:13]} 57. Kh3 {[%clk 0:17:23]} Qh1+ {[%clk 0:25:06]} 58. Kg3
{[%clk 0:17:47]} Qg1+ {[%clk 0:25:30]} 59. Rg2 {[%clk 0:18:11]} Qe3+
{[%clk 0:25:53]} 60. Kh2 {[%clk 0:18:21]} Kf4 {[%clk 0:26:12]} 0-1

[Event "V4 OPEN - International Championship of Slovakia 2
[Site "Banska Stiavnica"]
[Date "2013.07.11"]
[Round "6"]
[Board "15"]
[White "Bombek, Peter"]
[Black "Repkova, Eva"]
[Result "1/2-1/2"]
[WhiteElo "2227"]
[BlackElo "2374"]
[PlyCount "0"]
[EventDate "2013.07.06"]
[EventRounds "9"]
[EventCountry "SVK"]

1. Nf3 {[%clk 1:30:40]} d5 {[%clk 1:30:54]} 2. d4 {[%clk 1:31:05]} e6
{[%clk 1:31:21]} 3. c4 {[%clk 1:30:40]} Nf6 {[%clk 1:31:35]} 4. Nc3
{[%clk 1:30:46]} Bb4 {[%clk 1:29:53]} 5. Qa4+ {[%clk 1:25:45]} Nc6
{[%clk 1:29:57]} 6. e3 {[%clk 1:25:19]} O-O {[%clk 1:23:48]} 7. Bd2
{[%clk 1:24:25]} Re8 {[%clk 1:21:35]} 8. Be2 {[%clk 1:20:43]} a6 {[%clk 1:11:00]}
9. O-O {[%clk 1:16:38]} Bf8 {[%clk 1:01:51]} 10. Qc2 {[%clk 1:12:55]} dxc4
{[%clk 1:00:47]} 11. Bxc4 {[%clk 1:12:33]} b5 {[%clk 0:56:55]} 12. Be2
{[%clk 1:03:15]} Nb4 {[%clk 0:57:15]} 13. Qb3 {[%clk 1:02:36]} Bb7
{[%clk 0:54:28]} 14. a4 {[%clk 0:58:33]} bxa4 {[%clk 0:49:11]} 15. Rxa4
{[%clk 0:52:17]} Rb8 {[%clk 0:47:00]} 16. Qd1 {[%clk 0:44:20]} c5
{[%clk 0:45:40]} 17. dxc5 {[%clk 0:37:35]} Bxc5 {[%clk 0:44:19]} 18. Na2
{[%clk 0:34:44]} Nxa2 {[%clk 0:34:17]} 19. Rxa2 {[%clk 0:35:09]} Ne4
{[%clk 0:33:50]} 20. Bxa6 {[%clk 0:27:46]} Bd5 {[%clk 0:33:09]} 21. Ra1
{[%clk 0:26:02]} Rxb2 {[%clk 0:33:11]} 22. Bc1 {[%clk 0:22:00]} Rb6
{[%clk 0:26:59]} 23. Bd3 {[%clk 0:16:16]} Qf6 {[%clk 0:18:03]} 24. Nd4
{[%clk 0:09:12]} Ng5 {[%clk 0:13:59]} 25. Qg4 {[%clk 0:06:57]} h5
{[%clk 0:05:03]} 26. Qxh5 {[%clk 0:06:55]} e5 {[%clk 0:05:15]} 27. Ra5
{[%clk 0:05:43]} g6 {[%clk 0:02:58]} 28. Qg4 {[%clk 0:04:27]} exd4
{[%clk 0:01:59]} 29. Rxc5 {[%clk 0:04:31]} Be4 {[%clk 0:02:08]} 30. Bb5
{[%clk 0:03:56]} Bf5 {[%clk 0:01:21]} 31. Qxd4 {[%clk 0:04:02]} Nh3+
{[%clk 0:00:51]} 32. Kh1 {[%clk 0:03:35]} Qxd4 {[%clk 0:01:11]} 33. exd4
{[%clk 0:04:02]} Rxb5 {[%clk 0:00:44]} 34. Rxb5 {[%clk 0:02:58]} Bd3
{[%clk 0:01:10]} 35. gxh3 {[%clk 0:02:59]} Bxf1 {[%clk 0:01:35]} 36. Re5
{[%clk 0:02:54]} Rxe5 {[%clk 0:01:40]} 37. dxe5 {[%clk 0:02:39]} Bxh3
{[%clk 0:02:07]} 38. Bg5 {[%clk 0:02:32]} 1/2-1/2

[Event "V4 OPEN - International Championship of Slovakia 2
[Site "Banska Stiavnica"]
[Date "2013.07.11"]
[Round "6"]
[Board "17"]
[White "Farkas, Gabor"]
[Black "Holtman, Teodor"]
[Result "0-1"]
[WhiteElo "2359"]
[BlackElo "1725"]
[PlyCount "0"]
[EventDate "2013.07.06"]
[EventRounds "9"]
[EventCountry "SVK"]

1. d4 {[%clk 1:29:30]} d5 {[%clk 1:30:47]} 2. c4 {[%clk 1:29:49]} e6
{[%clk 1:30:55]} 3. Nf3 {[%clk 1:30:11]} Nf6 {[%clk 1:31:07]} 4. g3
{[%clk 1:30:33]} c6 {[%clk 1:30:35]} 5. Bg2 {[%clk 1:29:57]} Bd6 {[%clk 1:20:28]}
6. Qc2 {[%clk 1:29:26]} O-O {[%clk 1:18:27]} 7. Nbd2 {[%clk 1:26:33]} b6
{[%clk 1:13:03]} 8. O-O {[%clk 1:26:19]} Bb7 {[%clk 1:08:22]} 9. e4
{[%clk 1:24:43]} dxe4 {[%clk 1:02:06]} 10. Nxe4 {[%clk 1:24:58]} Be7
{[%clk 1:00:48]} 11. Rd1 {[%clk 1:22:34]} Nxe4 {[%clk 0:58:04]} 12. Qxe4
{[%clk 1:22:47]} Nd7 {[%clk 0:57:17]} 13. Bf4 {[%clk 1:20:07]} Re8
{[%clk 0:47:07]} 14. Rac1 {[%clk 1:17:52]} Nf6 {[%clk 0:41:01]} 15. Qc2
{[%clk 1:17:08]} Qc8 {[%clk 0:36:49]} 16. Ng5 {[%clk 1:14:12]} h6
{[%clk 0:33:53]} 17. Ne4 {[%clk 1:11:12]} Nxe4 {[%clk 0:32:28]} 18. Qxe4
{[%clk 1:11:04]} Qd8 {[%clk 0:26:39]} 19. h4 {[%clk 1:05:54]} Bd6
{[%clk 0:22:43]} 20. Be3 {[%clk 1:04:18]} Bf8 {[%clk 0:20:32]} 21. Qg4
{[%clk 1:02:11]} Qf6 {[%clk 0:20:30]} 22. Bf4 {[%clk 1:01:23]} Rac8
{[%clk 0:18:55]} 23. Be5 {[%clk 0:56:18]} Qe7 {[%clk 0:19:22]} 24. c5
{[%clk 0:56:23]} Red8 {[%clk 0:17:27]} 25. b4 {[%clk 0:55:18]} b5
{[%clk 0:16:47]} 26. Rc3 {[%clk 0:54:04]} Rd7 {[%clk 0:16:35]} 27. Rf3
{[%clk 0:50:48]} Kh8 {[%clk 0:15:11]} 28. Qf4 {[%clk 0:49:13]} f6
{[%clk 0:15:05]} 29. Bd6 {[%clk 0:49:20]} Qf7 {[%clk 0:15:19]} 30. Bxf8
{[%clk 0:49:26]} Rxf8 {[%clk 0:15:39]} 31. Qe4 {[%clk 0:48:02]} Re8
{[%clk 0:13:11]} 32. Rfd3 {[%clk 0:44:47]} a6 {[%clk 0:13:26]} 33. a3
{[%clk 0:45:06]} Kg8 {[%clk 0:13:35]} 34. Re1 {[%clk 0:45:22]} e5
{[%clk 0:13:15]} 35. Bh3 {[%clk 0:42:49]} Rd5 {[%clk 0:12:29]} 36. Bf5
{[%clk 0:40:41]} Red8 {[%clk 0:12:32]} 37. Red1 {[%clk 0:40:08]} Qe8
{[%clk 0:08:18]} 38. Bh7+ {[%clk 0:39:48]} Kf8 {[%clk 0:08:43]} 39. dxe5
{[%clk 0:38:13]} Qxe5 {[%clk 0:09:03]} 40. Qxe5 {[%clk 0:36:58]} fxe5
{[%clk 0:09:32]} 41. Kg2 {[%clk 0:36:45]} Ke7 {[%clk 0:04:53]} 42. Be4
{[%clk 0:36:58]} Rxd3 {[%clk 0:04:21]} 43. Rxd3 {[%clk 0:37:21]} Rxd3
{[%clk 0:03:47]} 44. Bxd3 {[%clk 0:37:44]} Bc8 {[%clk 0:03:50]} 45. Be4
{[%clk 0:38:07]} Bd7 {[%clk 0:03:33]} 46. Kf3 {[%clk 0:38:12]} Kf6
{[%clk 0:30:27]} 47. Ke3 {[%clk 1:09:25]} g6 {[%clk 0:23:09]} 48. Bg2
{[%clk 1:09:18]} g5 {[%clk 0:18:19]} 49. Bf3 {[%clk 1:09:38]} gxh4
{[%clk 0:16:30]} 50. gxh4 {[%clk 1:10:00]} Kf5 {[%clk 0:14:03]} 51. Bh5
{[%clk 1:10:14]} Be6 {[%clk 0:12:35]} 52. Be8 {[%clk 1:09:22]} Bd5
{[%clk 0:13:03]} 53. Bd7+ {[%clk 1:09:41]} Kg6 {[%clk 0:13:08]} 54. Bg4
{[%clk 1:10:04]} Kf6 {[%clk 0:12:35]} 55. Bc8 {[%clk 1:09:27]} Kg6
{[%clk 0:11:37]} 56. f4 {[%clk 1:09:20]} exf4+ {[%clk 0:11:02]} 57. Kxf4
{[%clk 1:09:43]} Kf6 {[%clk 0:11:25]} 58. Bxa6 {[%clk 1:09:57]} Be6
{[%clk 0:11:40]} 59. Bb7 {[%clk 1:10:06]} Bd7 {[%clk 0:12:07]} 60. Ke4
{[%clk 1:09:54]} Ke6 {[%clk 0:12:05]} 61. Ba6 {[%clk 1:10:07]} Kf6
{[%clk 0:09:48]} 62. Bxb5 {[%clk 1:07:02]} cxb5 {[%clk 0:10:17]} 63. Kd5
{[%clk 1:07:22]} Ke7 {[%clk 0:10:04]} 64. c6 {[%clk 1:07:28]} Bh3
{[%clk 0:08:46]} 65. Kc5 {[%clk 1:07:10]} Bf1 {[%clk 0:08:19]} 66. Kb6
{[%clk 1:06:55]} Kd8 {[%clk 0:08:36]} 67. Kb7 {[%clk 1:07:02]} Bg2
{[%clk 0:09:05]} 68. Kb6 {[%clk 1:07:24]} Bf1 {[%clk 0:09:24]} 69. Kb7
{[%clk 1:07:49]} Bg2 {[%clk 0:09:41]} 70. Kb6 {[%clk 1:08:12]} h5
{[%clk 0:09:50]} 71. Kxb5 {[%clk 1:08:11]} Kc7 {[%clk 0:10:11]} 72. Kc5
{[%clk 1:08:35]} Bxc6 {[%clk 0:10:23]} 73. b5 {[%clk 1:08:59]} Bf3
{[%clk 0:10:08]} 74. a4 {[%clk 1:09:20]} Kb7 {[%clk 0:10:16]} 75. a5
{[%clk 1:09:30]} Be2 {[%clk 0:09:33]} 76. Kb4 {[%clk 1:09:52]} Kc7
{[%clk 0:07:58]} 77. Kc5 {[%clk 1:10:13]} Bf3 {[%clk 0:06:45]} 78. a6
{[%clk 1:08:38]} Kb8 {[%clk 0:05:22]} 79. Kb6 {[%clk 1:08:44

[Event "V4 OPEN - International Championship of Slovakia 2
[Site "Banska Stiavnica"]
[Date "2013.07.11"]
[Round "6"]
[Board "18"]
[White "Zatko, Gregor"]
[Black "Plachetka, Jan"]
[Result "0-1"]
[WhiteElo "2158"]
[BlackElo "2355"]
[PlyCount "0"]
[EventDate "2013.07.06"]
[EventRounds "9"]
[EventCountry "SVK"]

1. d4 {[%clk 1:27:04]} Nf6 {[%clk 1:30:43]} 2. Nf3 {[%clk 1:27:23]} c5
{[%clk 1:31:01]} 3. c3 {[%clk 1:27:33]} Qc7 {[%clk 1:30:46]} 4. g3
{[%clk 1:26:59]} b6 {[%clk 1:30:45]} 5. Bg2 {[%clk 1:27:13]} Bb7 {[%clk 1:31:08]}
6. O-O {[%clk 1:27:18]} e6 {[%clk 1:29:58]} 7. Bf4 {[%clk 1:25:42]} d6
{[%clk 1:30:11]} 8. Na3 {[%clk 1:21:50]} a6 {[%clk 1:28:24]} 9. Rc1
{[%clk 1:18:13]} Nbd7 {[%clk 1:25:36]} 10. Re1 {[%clk 1:13:45]} Be7
{[%clk 1:22:01]} 11. h3 {[%clk 1:09:34]} O-O {[%clk 1:18:21]} 12. b4
{[%clk 1:06:38]} Rac8 {[%clk 1:15:48]} 13. Nc4 {[%clk 1:03:33]} Bd5
{[%clk 1:06:40]} 14. Nfd2 {[%clk 0:59:31]} Bxg2 {[%clk 1:06:29]} 15. Kxg2
{[%clk 0:59:50]} Nd5 {[%clk 1:05:53]} 16. bxc5 {[%clk 0:50:09]} bxc5
{[%clk 0:58:26]} 17. Be3 {[%clk 0:49:18]} h6 {[%clk 0:50:28]} 18. f3
{[%clk 0:41:44]} Nxe3+ {[%clk 0:49:06]} 19. Nxe3 {[%clk 0:41:53]} Bg5
{[%clk 0:46:57]} 20. f4 {[%clk 0:41:38]} Qb7+ {[%clk 0:45:18]} 21. Nf3
{[%clk 0:39:36]} Be7 {[%clk 0:41:59]} 22. d5 {[%clk 0:38:01]} c4 {[%clk 0:39:23]}
23. Kh2 {[%clk 0:32:51]} Nf6 {[%clk 0:39:09]} 24. Rb1 {[%clk 0:31:59]} Qa7
{[%clk 0:37:07]} 25. Qd4 {[%clk 0:30:13]} Qxd4 {[%clk 0:34:00]} 26. Nxd4
{[%clk 0:30:04]} Nxd5 {[%clk 0:34:24]} 27. Nxd5 {[%clk 0:29:57]} exd5
{[%clk 0:34:52]} 28. Nf5 {[%clk 0:27:38]} Bf6 {[%clk 0:34:51]} 29. Red1
{[%clk 0:26:44]} Rfe8 {[%clk 0:30:59]} 30. Rb2 {[%clk 0:26:59]} Bxc3
{[%clk 0:25:21]} 31. Rc2 {[%clk 0:27:20]} Bb4 {[%clk 0:25:19]} 32. Rxd5
{[%clk 0:27:30]} Rc5 {[%clk 0:21:41]} 33. Nxd6 {[%clk 0:26:20]} Rxd5
{[%clk 0:21:29]} 34. Nxe8 {[%clk 0:26:22]} c3 {[%clk 0:21:46]} 0-1